Statistics for Asterix Characters

Click here to take the quiz!

General Stats

  • This quiz has been taken 21 times
  • The average score is 6 of 9

Answer Stats

HintCharacter% Correct
Fearless Gaulish warrior, who rarely resorts to using weaponsAsterix
100%
Tall, "well-padded" man and best friend of the aboveObelix
100%
Roman dictator and conqueror of GaulJulius Caesar
80%
The village druidGetafix
75%
Pet of the aboveDogmatix
65%
The village chiefVitalstatistix
55%
Oldest villager (93 years old)Geriatrix
45%
Wife of the above and the best cook in the villageImpedimenta
30%
Village fishmonger, oblivious to the smellUnhygienix
30%

Score Distribution

Percentile by Number Answered

Percent of People with Each Score

Your Score History

You have not taken this quiz